01311nam a2200313Ia 4500001001300000008004100013020001800054035001600072041001000088084002500098245010600123260008100229300002100310500016900331650001000500650002700510650001700537650002100554710007100575901000600646903000700652904000800659953004900667999001700716910000900733942001500742952012000757952012000877006001006002221003s2003 xx 000 0 fre d a92-894-6058-X aCENDO_12458 afreb aCD-05337/1CD-05337/2 0aRapport sur la situation des droits fondamentaux dans l'Union Europeenne et ses etats membres en 2002 aLuxembourg :bOffice des publications des Communautés européennes,c2003 a2 v. ;c 30 cm aV. 2 Observation thématique : l'équilibre liberté/sécurité dans les réponses de l'Union Européenne et des ses états membres à la menace terroriste aCE98 aDERECHOS HUMANOS92569 aINFORME9363 aTERRORISMO97089 aCOMUNIDADES EUROPEASbOficina de Publicaciones Oficiales,eed.915 a0 aNO a000 d2004-02-09yMONOGRAFIAoCD-05337/1CD-05337/2 c12457d12457 a2003 cMONOGRAFIA 00104070aCENDObCENDOd2004-02-09i6001l0oCD-05337/1pCENDO_56636r2023-02-27 00:00:00w2023-02-27yMONOGRAFIA 00104070aCENDObCENDOd2004-02-09i6002l0oCD-05337/2pCENDO_56637r2023-02-27 00:00:00w2023-02-27yMONOGRAFIA